Derechos humanos : (Record no. 1598)

MARC details
000 -LEADER
fixed length control field 01706cam a2200421 i 4500
001 - CONTROL NUMBER
control field data
005 - DATE AND TIME OF LATEST TRANSACTION
control field 20260322212108.0
008 - FIXED-LENGTH DATA ELEMENTS--GENERAL INFORMATION
fixed length control field data
035 ## - SYSTEM CONTROL NUMBER
System control number 19589551
010 ## - LIBRARY OF CONGRESS CONTROL NUMBER
LC control number 2016519614
020 ## - INTERNATIONAL STANDARD BOOK NUMBER
International Standard Book Number 9786070271076
020 ## - INTERNATIONAL STANDARD BOOK NUMBER
International Standard Book Number 6070271076
035 ## - SYSTEM CONTROL NUMBER
System control number (OCoLC)966869258
040 ## - CATALOGING SOURCE
Original cataloging agency GXR
Language of cataloging eng
Transcribing agency GXR
Description conventions rda
Modifying agency DLC
-- OCLCF
-- IXA
-- OCL
-- DLC
042 ## - AUTHENTICATION CODE
Authentication code lccopycat
050 00 - LIBRARY OF CONGRESS CALL NUMBER
Classification number K3240
Item number .V39 2015
100 1# - MAIN ENTRY--PERSONAL NAME
Personal name Vázquez, Rodolfo,
Relator term author.
245 10 - TITLE STATEMENT
Title Derechos humanos :
Remainder of title una lectura liberal igualitaria /
Statement of responsibility, etc. Rodolfo Vázquez.
250 ## - EDITION STATEMENT
Edition statement Primera edición.
264 #1 - PRODUCTION, PUBLICATION, DISTRIBUTION, MANUFACTURE, AND COPYRIGHT NOTICE
Place of production, publication, distribution, manufacture México :
Name of producer, publisher, distributor, manufacturer Instituto Tecnológico Autónomo de México, Centro de Estudios de Actualización en Derecho,
-- Instituto Tecnológico Autónomo de México, Centro de Estudios de Actualización en Derecho,
Date of production, publication, distribution, manufacture, or copyright notice 2015.
300 ## - PHYSICAL DESCRIPTION
Extent xxiii, 230 pages ;
Dimensions 21 cm.
336 ## - CONTENT TYPE
Content type term text
Content type code txt
Source rdacontent
337 ## - MEDIA TYPE
Media type term unmediated
Media type code n
Source rdamedia
338 ## - CARRIER TYPE
Carrier type term volume
Carrier type code nc
Source rdacarrier
490 1# - SERIES STATEMENT
Series statement Serie Estudios jurídicos / Instituto de Investigaciones Jurídicas ;
Volume/sequential designation no. 274
504 ## - BIBLIOGRAPHY, ETC. NOTE
Bibliography, etc. note Includes bibliographical references (pages 217-230).
650 #0 - SUBJECT ADDED ENTRY--TOPICAL TERM
Topical term or geographic name entry element Human rights.
650 #0 - SUBJECT ADDED ENTRY--TOPICAL TERM
Topical term or geographic name entry element Human rights
General subdivision Philosophy.
650 #7 - SUBJECT ADDED ENTRY--TOPICAL TERM
Topical term or geographic name entry element Human rights
General subdivision Philosophy.
Source of heading or term fast
Authority record control number or standard number (OCoLC)fst00963307
650 #7 - SUBJECT ADDED ENTRY--TOPICAL TERM
Topical term or geographic name entry element Human rights.
Source of heading or term fast
Authority record control number or standard number (OCoLC)fst00963285
830 #0 - SERIES ADDED ENTRY--UNIFORM TITLE
Uniform title Serie Estudios jurídicos (Mexico City, Mexico) ;
Volume/sequential designation no. 274.
906 ## - LOCAL DATA ELEMENT F, LDF (RLIN)
a 7
b cbc
c copycat
d 2
e ncip
f 20
g y-gencatlg
925 0# -
-- acquire
-- 1 shelf copy
-- policy default
955 ## - COPY-LEVEL INFORMATION (RLIN)
-- xg14 2017-11-13 to BCCD
923 ## -
-- 20170322
-- 78201
-- MxMxBFM
985 ## -
-- VENDOR LOAD
Holdings
Withdrawn status Lost status Damaged status Not for loan Home library Current library Shelving location Date acquired Total checkouts Full call number Barcode Date last seen Price effective from Koha item type
        Liberty Liberty General stacks 22/03/2026   K3240 LOC-LPL-00061 22/03/2026 22/03/2026 Books